Normal view
MARC view
- Mahmood, Qaisar Goraya
Entry Personal Name
001 - CONTROL NUMBER
- control field: 15656
003 - CONTROL NUMBER IDENTIFIER
- control field: NUST
005 - DATE AND TIME OF LATEST TRANSACTION
- control field: 20190626113340.0
008 - FIXED-LENGTH DATA ELEMENTS
- fixed length control field: 190626|| aca||aabn | a|a d
040 ## - CATALOGING SOURCE
- Original cataloging agency: NUST
- Transcribing agency: NUST
100 ## - HEADING--PERSONAL NAME
- Personal name: Mahmood, Qaisar Goraya
670 ## - SOURCE DATA FOUND
- Source citation: Work cat.: (NUST): Mahmood, Qaisar Goraya, Do Chirian Boldian /, 2010.
